1096 1440 1358 1592 1575 1616 1967 1306 1650 1288 1857 1103 1584 1316 1476 1513 1765 1177 1149 1046 1452 1032 1682 1991 1266 1945 1684 1840 1277 1451 1481 1325 1917 1368 1272 1790 1076 1142 1162 1090 1412 1551 1083 1364 1546 1113 1779 1273 1942 1760 1056 1939 1372 1892 1215 1963 1016 1724 1904 1460 1903 1477 1012 1376 1392 1168 1686 1582 1189 1592 1454 1031 1067 1571 1844 1421 1604 1428 1649 1570 1941 1490 1847 1685 1545 1440 1832 1470 1227 1871 1071 1817 1189 1290 1049 1880 1599 1617 1442 BCNSPRNW ULIB Ver.6.0+V

เปลี่ยนเป็นภาษาไทย

Change to English
 แสดงรายละเอียดบรรณานุกรม
  กลับหน้าหลัก

Brief Record : Get Marc (ISO 2709) : E-mail record : QR code < ปิดหน้าต่าง
LEADER : 00000nam 2200000uu 4500
001    13399123321
003     ULIB
008    140820s2541||||th 000 0 tha d
020    9742915563
099    วจWM172^bธ13ค
100 0  ธงชัย ทวิชาชาติ
245 00 ความเครียดและสุขภาพจิตของคนไทย/^cธงชัย ทวิชาชาติ
300    131 หน้า
650  0 ความเครียด^xวิจัย
945    ^p0^l0^i011803
999    ^aเกษร โพธิ์สุวรรณ
รายการนี้ยังไม่มีแท็ก
คุณยังไม่ได้ล็อกอิน คุณสามารถมีกิจกรรมร่วมกับเว็บไซต์ได้ แต่ต้องล็อกอินก่อน ::
  ล็อกอิน

รายการสื่อสารสนเทศ

ลำดับที่ ประเภท เลขเรียก/บาร์โค้ด สถานที่ สถานะ
1. งานวิจัย
งานวิจัย
วจWM172 ธ13ค ฉ.1 
  Barcode: 011803
ห้องสมุดวิทยาเขตสวรรค์ประชารักษ์
►วิจัย
บนชั้น

BibComment


ยังไม่เคยถูกคอมเมนท์

คอมเมนท์ทรัพยากรรายการนี้
  คอมเมนท์: ความเครียดและสุขภ..


 Copyright 2026. Bcnsprnw @Library